LEADER 01294nam a2200313 a 4500 001 000000121941 003 CaOOAMICUS 005 20100524144631.0 008 100524t2002 it u000 u ita r 020 $a978-88-15-08676-1 040 $aPUL$bita$dReb 041 1 $aita$hger 082 04$a909 100 1 $aLück, Helmut E.$0(OLS)http://pul/name/76419 240 10$aGeschichte der psychologie$lItaliano.$0(OLS)http://pul/title/153429 245 10$aBreve storia della psicologia /$cHelmut E. Lück. 260 $aBologna :$bIl Mulino,$c©2002. 300 $a216 p. ;$c21 cm. 490 1 $aUniversale paperbacks Il Mulino ;$v423 504 $aBibliografia p. [189]-210. 650 4$aPsicologia$xStoria.$0(OLS)http://pul/subject/7263 830 0$aUniversale paperbacks Il Mulino ;$v423.$0(OLS)http://pul/title/190 850 $aPUL 852 $aPUL$W1$xDP2 Filosofia 3$y112$m909 COLL 2.423$j139951$aRistampa del 2008$qDDC 21$B139142$CPULBib$Z2$F139142 $H113842 $82 941 1 $a9 996 $6020$a978-88-15-08676-1$9(OLS)http://pul/number/144362 996 $6082$a909$9(OLS)http://pul/classification/566 996 $6245$aBreve storia della psicologia$9(OLS)http://pul/title/153428 996 $6260$aBologna :$bIl Mulino$9(OLS)http://pul/publisher/47928 LEADER 01254nam a2200301 a 4500 001 000000148304 003 CaOOAMICUS 005 20151218112252.0 008 151218s1989 it u000 u ita r 020 $a88-263-0702-4* 032 $aLibriCat 040 $aPUL$bita 041 0 $aita$alat$aeng 100 1 $aPanimolle, Salvatore Alberto.$0(OLS)http://pul/name/25284 245 13$aLa libertą dalla legge di Mosč :$bnegli scritti dei Padri dalla fine del II secolo /$cSalvatore A. Panimolle. 260 $aRoma :$bBorla,$c©1989. 300 $a224 p. ;$c20 cm. 490 1 $aStudi e ricerche bibliche 500 $aTesti in italiano, latino e inglese. 650 4$aTeologia cristiana.$0(OLS)http://pul/subject/38120 830 0$aStudi e ricerche bibliche.$0(OLS)http://pul/title/41534 850 $aPUL 852 $aPUL$W1$xDP1 Fondo Bordoni$y120$m3 D 53$j166462$qFondi$B172147$CPULBib$Z2$F172147 $HBor458 $81 941 1 $a1 996 $6020$a88-263-0702-4*$9(OLS)http://pul/number/159327 996 $6245$aLa libertą dalla legge di Mosč :$bnegli scritti dei Padri dalla fine del II secolo$9(OLS)http://pul/title/187107 996 $6260$aRoma :$bBorla$9(OLS)http://pul/publisher/48061